| 000 | 00598nam a2200169Ia 4500 | ||
|---|---|---|---|
| 005 | 20251020182611.0 | ||
| 008 | 200515s9999 xx 000 0 und d | ||
| 082 | _aSC/658.563/R55 | ||
| 110 | _aRidge Tool Company | ||
| 245 | 0 | _aRidgid : Herramientas para el profesional | |
| 260 | _aOhio | ||
| 260 | _cs.a. | ||
| 300 | _a142 | ||
| 520 | _aContiene: Herramientas para tubos.- Equipos para el roscado y la fabricación de tubos.- Herramientas para tuberías.- Herramientas de Propósito General.- Herramientas Autopropulsadas.- Limpiadoras de desagües | ||
| 650 | _aHERRAMIENTAS | ||
| 942 | _cLIB | ||
| 999 |
_c3350 _d3350 |
||